<?xml version="1.0" encoding="UTF-8"?>
<record
    xmlns:xsi="http://www.w3.org/2001/XMLSchema-instance"
    xsi:schemaLocation="http://www.loc.gov/MARC21/slim http://www.loc.gov/standards/marcxml/schema/MARC21slim.xsd"
    xmlns="http://www.loc.gov/MARC21/slim">

  <leader>00459    a2200133   4500</leader>
  <controlfield tag="001">142467</controlfield>
  <datafield tag="040" ind1=" " ind2=" ">
    <subfield code="c">Leonardo Da Vinci</subfield>
  </datafield>
  <datafield tag="041" ind1=" " ind2=" ">
    <subfield code="a">Portugu&#xEA;s</subfield>
  </datafield>
  <datafield tag="082" ind1=" " ind2=" ">
    <subfield code="a">v209</subfield>
  </datafield>
  <datafield tag="100" ind1=" " ind2=" ">
    <subfield code="a">COL&#xC9;GIO Leonardo da Vinci - Anglo</subfield>
  </datafield>
  <datafield tag="245" ind1=" " ind2=" ">
    <subfield code="a">Anos de Chumbo</subfield>
    <subfield code="b">a expans&#xE3;o da guerra e as resist&#xEA;ncias</subfield>
  </datafield>
  <datafield tag="697" ind1=" " ind2=" ">
    <subfield code="a">Anglo</subfield>
    <subfield code="a">Hist&#xF3;ria</subfield>
    <subfield code="a">Anos de Chumbo</subfield>
    <subfield code="a">Guerra</subfield>
    <subfield code="a">Expan&#xE7;&#xE3;o</subfield>
    <subfield code="a">Resist&#xEA;ncia</subfield>
    <subfield code="a">Alemanha</subfield>
    <subfield code="a">Nazismo</subfield>
    <subfield code="a">2. Guerra Mundial</subfield>
    <subfield code="a">O mundo p&#xF3;s-guerra</subfield>
    <subfield code="a">Tratado de Paz</subfield>
  </datafield>
  <datafield tag="942" ind1=" " ind2=" ">
    <subfield code="c">VM</subfield>
  </datafield>
  <datafield tag="952" ind1=" " ind2=" ">
    <subfield code="0">0</subfield>
    <subfield code="1">0</subfield>
    <subfield code="4">0</subfield>
    <subfield code="7">0</subfield>
    <subfield code="a">72.1</subfield>
    <subfield code="b">72.1</subfield>
    <subfield code="d">2024-03-27</subfield>
    <subfield code="l">0</subfield>
    <subfield code="o">v209</subfield>
    <subfield code="p">A0211LVA</subfield>
    <subfield code="r">2024-03-27 22:46:58</subfield>
    <subfield code="w">2024-03-27</subfield>
    <subfield code="y">VM</subfield>
  </datafield>
  <datafield tag="999" ind1=" " ind2=" ">
    <subfield code="c">142467</subfield>
    <subfield code="d">142467</subfield>
  </datafield>
</record>
